[Event "AZE-ch (Women)"]
[Site "Baku"]
[Date "2023.02.13"]
[Round "10"]
[White "Mamedjarova, Zeinab"]
[Black "Abdinova, Narmin"]
[Result "0-1"]
[WhiteElo "2249"]
[BlackElo "1932"]
[PlyCount "56"]
[EventDate "2023.02.04"]
[EventType "tourn"]
[EventRounds "11"]
[EventCountry "AZE"]
[SourceTitle "CBM 212 Extra"]
[Source "ChessBase"]
[SourceDate "2023.03.31"]
[SourceVersion "1"]
[SourceVersionDate "2023.03.31"]
[SourceQuality "1"]

1. Nf3 d5 2. d4 Bf5 3. e3 e6 4. Be2 Nf6 5. 0-0 Be7 6. b3 0-0 7. Bb2 Ne4 8. Ne5 f6 9. g4 fxe5 10. gxf5 Bh4 11. f4 exf4 12. exf4 exf5 13. Nd2 Nd7 14. Nxe4 fxe4 15. Qd2 Nf6 16. a4 Kh8 17. Kh1 Qd7 18. Qe3 Ng4 19. Qg1 Nh6 20. a5 Rf6 21. f5 e3 22. a6 b6 23. Qxe3 Nxf5 24. Qd3 Ng3+ 25. Kg2 Nxf1 26. Bxf1 Raf8 27. Kh1 Rf3 28. Qe2 Rf2 0-1

[Event "AZE-ch (Women)"]
[Site "Baku"]
[Date "2023.02.07"]
[Round "4"]
[White "Nuriyeva, Nurtan"]
[Black "Mamedjarova, Zeinab"]
[Result "1/2-1/2"]
[WhiteElo "1809"]
[BlackElo "2249"]
[PlyCount "135"]
[EventDate "2023.02.04"]
[EventType "tourn"]
[EventRounds "11"]
[EventCountry "AZE"]
[SourceTitle "CBM 212 Extra"]
[Source "ChessBase"]
[SourceDate "2023.03.31"]
[SourceVersion "1"]
[SourceVersionDate "2023.03.31"]
[SourceQuality "1"]

1. d4 d5 2. Nf3 e6 3. c4 Be7 4. Nc3 Nf6 5. Bg5 0-0 6. e3 Nbd7 7. Rc1 a6 8. c5 c6 9. Bd3 e5 10. Nxe5 Nxe5 11. dxe5 Nd7 12. Bf4 Nxc5 13. 0-0 Nxd3 14. Qxd3 Be6 15. Rfd1 Qa5 16. e4 dxe4 17. Qxe4 Rfd8 18. h3 h6 19. Be3 Rxd1+ 20. Rxd1 Rd8 21. Rxd8+ Qxd8 22. a3 Qd7 23. f4 c5 24. Kf2 h5 25. Qa4 b5 26. Qxa6 b4 27. axb4 cxb4 28. Ne2 Bh4+ 29. g3 Be7 30. Qa7 Bxh3 31. Qxd7 Bxd7 32. Nd4 g6 33. Nb3 Ba4 34. Bc5 Bd8 35. Nd4 b3 36. Ke3 Ba5 37. Be7 Be1 38. Kf3 Bd7 39. Bh4 Bg4+ 40. Ke3 Bc3 41. Nxb3 Bxb2 42. Nd4 Kf8 43. Nb5 Ke8 44. Nd6+ Kd7 45. Nxf7 Ke6 46. Nd6 Kd5 47. Nf7 Bd4+ 48. Kd3 Bc8 49. Ke2 Bc5 50. Kd3 Ba6+ 51. Kd2 Kd4 52. e6 Bc4 53. Bf6+ Ke4 54. Ng5+ Kf5 55. e7 Bb5 56. Nh7 Kg4 57. Bh4 Kf3 58. Ng5+ Kg2 59. Ne4 Bb4+ 60. Ke3 Kh3 61. Nf2+ Kg2 62. Ne4 Bc6 63. Kd4 Kf3 64. Ke5 Bxe7 65. Bxe7 Bxe4 66. Bh4 Bb1 67. Kf6 Kg4 68. Ke5 1/2-1/2

[Event "AZE-ch (Women)"]
[Site "Baku"]
[Date "2023.02.04"]
[Round "1"]
[White "Mamedjarova, Zeinab"]
[Black "Mammadova, Gulnar Marfat Qizi"]
[Result "1-0"]
[WhiteElo "2249"]
[BlackElo "2376"]
[PlyCount "111"]
[EventDate "2023.02.04"]
[EventType "tourn"]
[EventRounds "11"]
[EventCountry "AZE"]
[SourceTitle "CBM 212 Extra"]
[Source "ChessBase"]
[SourceDate "2023.03.31"]
[SourceVersion "1"]
[SourceVersionDate "2023.03.31"]
[SourceQuality "1"]

1. Nf3 d5 2. g3 Nf6 3. Bg2 c5 4. 0-0 Nc6 5. d3 e5 6. c3 Bd6 7. e4 d4 8. cxd4 cxd4 9. Nbd2 0-0 10. Nc4 Bc7 11. a4 Re8 12. Bd2 a5 13. Nh4 Be6 14. Rc1 Rc8 15. Qe1 Nd7 16. Qe2 g6 17. Nf3 Qe7 18. Ng5 Bxc4 19. Rxc4 Nb6 20. Rc2 Nxa4 21. Bh3 Rcd8 22. f4 exf4 23. gxf4 h6 24. Nf3 f5 25. e5 Kh7 26. Kh1 Nb6 27. Rg1 Nd5 28. Bxf5 Rg8 29. Be4 Ncb4 30. Rc4 Rdf8 31. Rxd4 Bb6 32. Bxd5 Nxd5 33. Rxd5 Bxg1 34. Nxg1 b6 35. Qe4 Rd8 36. Nf3 Rxd5 37. Qxd5 Rd8 38. Qe4 Qe6 39. Be3 Qh3 40. Bxb6 Qf1+ 41. Ng1 Qxd3 42. Qxd3 Rxd3 43. Bxa5 Kg7 44. Ne2 Kf7 45. Kg2 Ke6 46. b4 Kd5 47. Bc7 Rb3 48. b5 Rb2 49. Kf3 Rb3+ 50. Kg4 Rb2 51. b6 Rb4 52. h4 Ke6 53. Nd4+ Kf7 54. e6+ Ke8 55. Nc6 Rb3 56. Na5 1-0

[Event "Wch Blitz (Women)"]
[Site "Warsaw"]
[Date "2021.12.30"]
[Round "11"]
[White "Kurmangaliyeva, Liya"]
[Black "Mamedjarova, Zeinab"]
[Result "0-1"]
[WhiteElo "2195"]
[BlackElo "2249"]
[PlyCount "84"]
[EventDate "2021.12.29"]
[EventType "swiss (blitz)"]
[EventRounds "17"]
[EventCountry "POL"]
[SourceTitle "CBM 205 Extra"]
[Source "ChessBase"]
[SourceDate "2022.01.31"]
[SourceVersion "1"]
[SourceVersionDate "2022.01.31"]
[SourceQuality "1"]

1. e4 e5 2. Nf3 d6 3. d4 exd4 4. Nxd4 Nf6 5. Nc3 Be7 6. g3 0-0 7. Bg2 c6 8. 0-0 a5 9. Re1 Na6 10. h3 Re8 11. Kh1 Bf8 12. a3 Nc5 13. Rb1 a4 14. g4 Ra5 15. g5 Nfd7 16. Bd2 Ne5 17. Qe2 g6 18. f4 Ned7 19. Qf2 Bg7 20. Nce2 Nxe4 21. Bxe4 Rxe4 22. Bxa5 Qxa5 23. c3 Nc5 24. Ng3 Nd3 25. Qd2 Rxe1+ 26. Rxe1 Nxe1 27. Qxe1 Qd8 28. Kh2 c5 29. Nc2 Qd7 30. Qf1 h5 31. Ne3 h4 32. Ne4 Qe6 33. Qf3 Bd7 34. Nd5 Bc6 35. c4 Bxb2 36. Qe2 Bxd5 37. cxd5 Qxd5 38. Nf2 Bg7 39. Ng4 Qe6 40. Qb5 Qe4 41. Qf1 c4 42. Qf2 c3 0-1

[Event "Wch Blitz (Women)"]
[Site "Warsaw"]
[Date "2021.12.30"]
[Round "15"]
[White "Maltsevskaya, Aleksandra"]
[Black "Mamedjarova, Zeinab"]
[Result "0-1"]
[WhiteElo "2400"]
[BlackElo "2249"]
[PlyCount "77"]
[EventDate "2021.12.29"]
[EventType "swiss (blitz)"]
[EventRounds "17"]
[EventCountry "POL"]
[SourceTitle "CBM 205 Extra"]
[Source "ChessBase"]
[SourceDate "2022.01.31"]
[SourceVersion "1"]
[SourceVersionDate "2022.01.31"]
[SourceQuality "1"]

1. e4 e5 2. Nf3 d6 3. d4 exd4 4. Nxd4 Nf6 5. Nc3 Be7 6. g3 0-0 7. Bg2 c6 8. 0-0 a5 9. a4 Na6 10. Re1 Re8 11. h3 Nc5 12. Bf4 Bf8 13. e5 dxe5 14. Bxe5 Bd7 15. Qf3 Nfe4 16. Bf4 Nxc3 17. Qxc3 Ne6 18. Nxe6 Rxe6 19. Rad1 Bb4 20. Rxe6 Bxc3 21. Red6 Bf6 22. Rxd7 Qb6 23. b3 h5 24. Be3 Qb4 25. Bf3 h4 26. g4 Re8 27. Kg2 Qc3 28. Bf4 Qxc2 29. R1d2 Qxb3 30. g5 Bc3 31. R2d3 Qc4 32. Be3 b5 33. axb5 Kf8 34. bxc6 a4 35. c7 a3 36. Rd8 Qxc7 37. Rxe8+ Kxe8 38. Bd5 Bb2 39. Bb3 0-1

[Event "Wch Blitz (Women)"]
[Site "Warsaw"]
[Date "2021.12.30"]
[Round "14"]
[White "Mamedjarova, Zeinab"]
[Black "Kosteniuk, Alexandra"]
[Result "0-1"]
[WhiteElo "2249"]
[BlackElo "2516"]
[PlyCount "124"]
[EventDate "2021.12.29"]
[EventType "swiss (blitz)"]
[EventRounds "17"]
[EventCountry "POL"]
[SourceTitle "CBM 205 Extra"]
[Source "ChessBase"]
[SourceDate "2022.01.31"]
[SourceVersion "1"]
[SourceVersionDate "2022.01.31"]
[SourceQuality "1"]

1. d4 Nf6 2. Nf3 d5 3. e3 e6 4. Bd3 Be7 5. 0-0 c5 6. b3 Nc6 7. Bb2 cxd4 8. exd4 b6 9. Ne5 Nxe5 10. dxe5 Nd7 11. c4 Bb7 12. cxd5 Bxd5 13. Nd2 Nc5 14. Bb5+ Kf8 15. Qe2 h5 16. Rad1 Qc7 17. Bc4 Bc6 18. f4 g6 19. b4 Na4 20. Ba1 b5 21. Bd3 h4 22. h3 Bxb4 23. Be4 Rd8 24. Nf3 Bxe4 25. Qxe4 Qc5+ 26. Kh1 Rd5 27. Rc1 Nc3 28. Bxc3 Bxc3 29. Rc2 b4 30. Rfc1 Kg7 31. Ng5 Rhd8 32. Qe2 Rd4 33. f5 exf5 34. e6 Qd6 35. Nxf7 Rd1+ 36. Rxd1 Qxd1+ 37. Qxd1 Rxd1+ 38. Kh2 Re1 39. Ng5 Be5+ 40. g3 Bxg3+ 41. Kg2 Kf6 42. Nf3 Rxe6 43. Rb2 a5 44. Rc2 a4 45. Rb2 Rb6 46. Nd2 Be5 47. Rb1 Bc3 48. Nc4 Re6 49. Kf3 g5 50. Ne3 Rd6 51. Ke2 Rd2+ 52. Kf3 Rxa2 53. Rd1 Rd2 54. Nd5+ Ke5 55. Nxc3 bxc3 56. Ra1 Rd4 57. Re1+ Re4 58. Rc1 Rc4 59. Re1+ Kd5 60. Rd1+ Kc5 61. Ke3 c2 62. Rc1 g4 0-1

[Event "Wch Blitz (Women)"]
[Site "Warsaw"]
[Date "2021.12.29"]
[Round "5"]
[White "Abdumalik, Zhansaya"]
[Black "Mamedjarova, Zeinab"]
[Result "1-0"]
[WhiteElo "2491"]
[BlackElo "2249"]
[PlyCount "45"]
[EventDate "2021.12.29"]
[EventType "swiss (blitz)"]
[EventRounds "17"]
[EventCountry "POL"]
[SourceTitle "CBM 205 Extra"]
[Source "ChessBase"]
[SourceDate "2022.01.31"]
[SourceVersion "1"]
[SourceVersionDate "2022.01.31"]
[SourceQuality "1"]

1. e4 e5 2. Nf3 d6 3. d4 exd4 4. Nxd4 Nf6 5. Nc3 Be7 6. Bc4 0-0 7. 0-0 c6 8. a4 a5 9. Re1 Re8 10. b3 Bf8 11. Bb2 Nbd7 12. h3 Nc5 13. Qf3 g6 14. Rad1 Bg7 15. e5 dxe5 16. Nxc6 Qc7 17. Nxe5 Be6 18. Nb5 Qe7 19. Bxe6 Qxe6 20. Nc7 Qb6 21. Nxa8 Rxa8 22. Nc4 Qa6 23. Rd6 1-0

[Event "Wch Blitz (Women)"]
[Site "Warsaw"]
[Date "2021.12.29"]
[Round "7"]
[White "Lagno, Kateryna"]
[Black "Mamedjarova, Zeinab"]
[Result "1/2-1/2"]
[WhiteElo "2550"]
[BlackElo "2249"]
[PlyCount "122"]
[EventDate "2021.12.29"]
[EventType "swiss (blitz)"]
[EventRounds "17"]
[EventCountry "POL"]
[SourceTitle "CBM 205 Extra"]
[Source "ChessBase"]
[SourceDate "2022.01.31"]
[SourceVersion "1"]
[SourceVersionDate "2022.01.31"]
[SourceQuality "1"]

1. e4 e5 2. Nf3 d6 3. Bc4 Be7 4. 0-0 Nf6 5. Nc3 0-0 6. d3 c6 7. Bb3 a5 8. a3 Nbd7 9. Re1 Nc5 10. Ba2 Be6 11. Bxe6 Nxe6 12. Ne2 Nh5 13. d4 Qc7 14. Be3 b6 15. c3 c5 16. d5 Nd8 17. c4 f5 18. exf5 Rxf5 19. Nc3 Nf4 20. Bxf4 Rxf4 21. Nd2 Qd7 22. Nde4 Rf8 23. h3 Nf7 24. Qg4 Qd8 25. Re3 Nh6 26. Qe6+ Kh8 27. Nb5 Nf5 28. Rf3 Nd4 29. Nxd4 cxd4 30. Rg3 a4 31. Qg4 Rf7 32. Qe6 Rf4 33. Nd2 Rf6 34. Qg4 Rg6 35. Qe4 Rxg3 36. fxg3 Bg5 37. Nf3 Be3+ 38. Kh2 Rc8 39. Qd3 Qe8 40. Nh4 e4 41. Qe2 Bg5 42. Re1 Bxh4 43. gxh4 Qe5+ 44. Kh1 e3 45. Qd3 Rf8 46. Qe2 h6 47. Qd3 Rf2 48. b3 axb3 49. Qxb3 e2 50. Qd3 Qf6 51. Rxe2 Rf1+ 52. Kh2 Qf4+ 53. g3 Rf2+ 54. Rxf2 Qxf2+ 55. Kh1 Qe1+ 56. Kg2 Qc3 57. Qf5 d3 58. Qf8+ Kh7 59. Qf5+ Kh8 60. Qf8+ Kh7 61. Qf5+ Kh8 1/2-1/2

[Event "Wch Rapid (Women)"]
[Site "Warsaw"]
[Date "2021.12.27"]
[Round "7"]
[White "Mamedjarova, Zeinab"]
[Black "Nur Mukhametova, Alisa"]
[Result "1-0"]
[WhiteElo "2249"]
[BlackElo "2225"]
[PlyCount "93"]
[EventDate "2021.12.26"]
[EventType "swiss (rapid)"]
[EventRounds "11"]
[EventCountry "POL"]
[SourceTitle "CBM 205 Extra"]
[Source "ChessBase"]
[SourceDate "2022.01.31"]
[SourceVersion "1"]
[SourceVersionDate "2022.01.31"]
[SourceQuality "1"]

1. d4 Nf6 2. Nf3 g6 3. e3 Bg7 4. Be2 0-0 5. 0-0 d5 6. b3 c5 7. Bb2 Ne4 8. Ne5 Nc6 9. Nd2 Nxd2 10. Qxd2 Bf5 11. Rac1 Rc8 12. Rfd1 cxd4 13. exd4 Qd6 14. Qe3 a6 15. h3 Rfe8 16. c4 Nb4 17. a3 Nc6 18. cxd5 Na7 19. Nc4 Qd8 20. Bc3 b6 21. a4 Rb8 22. Ne5 b5 23. axb5 axb5 24. Nc6 Nxc6 25. dxc6 Qd5 26. Bb4 Be6 27. Rc3 Rbc8 28. Bf3 Qd8 29. d5 Bf5 30. Rc5 e5 31. dxe6 Qf6 32. exf7+ Qxf7 33. Bd5 Be6 34. Bxe6 Rxe6 35. Qg5 Bf6 36. Qc1 Be7 37. Rd7 Qf6 38. Rxb5 Bxb4 39. Rxb4 Rexc6 40. Qe3 Re6 41. Qh6 Re1+ 42. Kh2 Re7 43. Rbb7 Rxd7 44. Rxd7 Qe5+ 45. f4 Qh8 46. Qg5 Qc3 47. Qe7 1-0

[Event "Wch Rapid (Women)"]
[Site "Warsaw"]
[Date "2021.12.26"]
[Round "4"]
[White "Kucharska, Honorata"]
[Black "Mamedjarova, Zeinab"]
[Result "0-1"]
[WhiteElo "2146"]
[BlackElo "2249"]
[PlyCount "106"]
[EventDate "2021.12.26"]
[EventType "swiss (rapid)"]
[EventRounds "11"]
[EventCountry "POL"]
[SourceTitle "CBM 205 Extra"]
[Source "ChessBase"]
[SourceDate "2022.01.31"]
[SourceVersion "1"]
[SourceVersionDate "2022.01.31"]
[SourceQuality "1"]

1. d4 Nf6 2. c4 e6 3. Nc3 b6 4. e3 Bb7 5. Nf3 Be7 6. Bd3 0-0 7. 0-0 d5 8. b3 Nbd7 9. Bb2 c5 10. Qe2 cxd4 11. exd4 Rc8 12. Rac1 dxc4 13. bxc4 Re8 14. Rfd1 Qc7 15. Ne5 Red8 16. Re1 Nxe5 17. dxe5 Nd7 18. Nb5 Qb8 19. Qh5 Nf8 20. Re3 g6 21. Qh6 Qa8 22. Nd6 Bxg2 23. Rg3 Bc6 24. h4 Rc7 25. h5 Rdd7 26. hxg6 fxg6 27. Bxg6 Bg5 28. Bf7+ Rxf7 29. Nxf7 Rxf7 30. Qxg5+ Ng6 31. Rd1 Bd7 32. Rd4 Qf8 33. Ba3 Qe8 34. Qh6 Rg7 35. Bd6 Qc8 36. Rdg4 Be8 37. Qg5 Qa6 38. Qf6 Qc8 39. Kh2 Bf7 40. a4 Qe8 41. a5 bxa5 42. Ra3 a4 43. c5 h5 44. Rgxa4 Qc6 45. f3 Qd5 46. Ra2 Qd1 47. Rxa7 Nh4 48. Qxg7+ Kxg7 49. Rf2 Nxf3+ 50. Kg3 h4+ 51. Kg2 h3+ 52. Kg3 h2 53. Rxf3 Qg1+ 0-1

[Event "Amazons Pride Blitz"]
[Site "Chess.com INT"]
[Date "2021.10.23"]
[Round "3"]
[White "Divya, Deshmukh"]
[Black "Mamedjarova, Zeinab"]
[Result "1-0"]
[WhiteElo "2305"]
[BlackElo "2249"]
[PlyCount "123"]
[EventDate "2021.10.23"]
[EventType "swiss (blitz)"]
[EventRounds "9"]
[EventCountry "USA"]
[SourceTitle "CBM 204 Extra"]
[Source "ChessBase"]
[SourceDate "2021.11.30"]
[SourceVersion "1"]
[SourceVersionDate "2021.11.30"]
[SourceQuality "1"]

1. Nf3 Nf6 2. g3 c6 3. Bg2 d5 4. 0-0 Nbd7 5. d3 e5 6. Nbd2 Bc5 7. e4 0-0 8. Qe2 Re8 9. b3 a5 10. a4 Nf8 11. Bb2 Ng6 12. h3 h5 13. Kh2 h4 14. Ng5 Ng4+ 15. hxg4 hxg3+ 16. fxg3 Qxg5 17. Bh3 Bd7 18. Nf3 Bxg4 19. Nxg5 Bxe2 20. Rfe1 f6 21. Ne6 Bb6 22. Rxe2 Kf7 23. exd5 cxd5 24. Rae1 Rxe6 25. Bxe6+ Kxe6 26. Kg2 Rc8 27. Kf3 Ne7 28. Rh1 Nf5 29. g4 Ne7 30. Rh7 Kf7 31. g5 Kg6 32. Rhh2 Kxg5 33. Reg2+ Kf5 34. Rxg7 Nc6 35. Rxb7 Bd4 36. Bxd4 Nxd4+ 37. Kg3 Rg8+ 38. Kf2 Nxc2 39. Rb6 Nb4 40. Ke3 Rg3+ 41. Kd2 Rxd3+ 42. Ke2 Rxb3 43. Rf2+ Ke4 44. Rfxf6 Rb2+ 45. Kd1 d4 46. Rh6 Kd5 47. Rb5+ Ke4 48. Rh4+ Kd3 49. Rh3+ Kc4 50. Rxe5 d3 51. Rh4+ Kb3 52. Rxa5 Na2 53. Rb5+ Kc3 54. Rxb2 Kxb2 55. Kd2 Nc1 56. a5 Nb3+ 57. Kxd3 Nxa5 58. Rb4+ Nb3 59. Rb8 Ka2 60. Kc3 Nc1 61. Kc2 Ne2 62. Ra8# 1-0

[Event "Amazons Pride Blitz"]
[Site "Chess.com INT"]
[Date "2021.10.23"]
[Round "5"]
[White "Grineva, Marianna"]
[Black "Mamedjarova, Zeinab"]
[Result "0-1"]
[WhiteElo "1976"]
[BlackElo "2249"]
[PlyCount "66"]
[EventDate "2021.10.23"]
[EventType "swiss (blitz)"]
[EventRounds "9"]
[EventCountry "USA"]
[SourceTitle "CBM 204 Extra"]
[Source "ChessBase"]
[SourceDate "2021.11.30"]
[SourceVersion "1"]
[SourceVersionDate "2021.11.30"]
[SourceQuality "1"]

1. e4 e5 2. Nf3 Nf6 3. d4 Nxe4 4. Bd3 d5 5. Nxe5 Nd7 6. Nxd7 Bxd7 7. 0-0 Be7 8. c4 c6 9. Nc3 Nxc3 10. bxc3 dxc4 11. Bxc4 0-0 12. Rb1 b5 13. Bd3 Bd6 14. Qh5 g6 15. Qh6 Qf6 16. Bg5 Qg7 17. Qh4 Rfe8 18. Rfe1 Be6 19. Bf6 Qf8 20. Re3 Bxa2 21. Rh3 h5 22. Ra1 Be6 23. g4 Be7 24. Re3 Bxf6 25. Qxf6 Bxg4 26. Qxc6 Rxe3 27. fxe3 Rc8 28. Qxb5 Qe7 29. Re1 Rxc3 30. e4 Bd7 31. Qa6 Qg5+ 32. Kf1 Qf4+ 33. Ke2 Bg4# 0-1

[Event "EU-ch (Women) 21st"]
[Site "Iasi"]
[Date "2021.08.17"]
[Round "8"]
[White "Mamedjarova, Zeinab"]
[Black "Gvanceladze, Anna"]
[Result "1/2-1/2"]
[WhiteElo "2272"]
[BlackElo "2182"]
[PlyCount "111"]
[EventDate "2021.08.09"]
[EventType "swiss"]
[EventRounds "11"]
[EventCountry "ROU"]
[SourceTitle "CBM 203 Extra"]
[Source "ChessBase"]
[SourceDate "2021.09.30"]
[SourceVersion "1"]
[SourceVersionDate "2021.09.30"]
[SourceQuality "1"]

1. Nf3 d5 2. g3 Nf6 3. Bg2 c6 4. 0-0 Bf5 5. d3 e6 6. Nh4 Bg4 7. Nd2 Be7 8. Qe1 Nfd7 9. Nhf3 Na6 10. e4 0-0 11. a3 Qc7 12. h3 Bh5 13. Nh2 dxe4 14. Nxe4 Nac5 15. f4 f5 16. Nd2 Bf6 17. g4 Bf7 18. Nc4 Rae8 19. Nf3 fxg4 20. hxg4 e5 21. Ncxe5 Nxe5 22. fxe5 Bxe5 23. Nxe5 Rxe5 24. Qf2 Qe7 25. Bf4 Bd5 26. Qg3 Bxg2 27. Bxe5 Rxf1+ 28. Rxf1 Bxf1 29. Kxf1 Nd7 30. Bd4 c5 31. Bf2 b6 32. Qf3 h6 33. b4 Nf6 34. bxc5 bxc5 35. Qc6 Qd7 36. Qxd7 Nxd7 37. Ke2 Kf7 38. c4 a6 39. a4 Ke6 40. a5 Kd6 41. Bg3+ Ne5 42. Bf4 Ke6 43. Be3 Nd7 44. Kf3 Ke5 45. Bc1 Kd6 46. Ke4 Ke6 47. Bb2 g6 48. Bc1 h5 49. gxh5 gxh5 50. Bg5 Ne5 51. Bf4 Nc6 52. Be3 Kd6 53. Bf4+ Ke6 54. Be3 Kd6 55. Bf4+ Ke6 56. Be3 1/2-1/2

[Event "EU-ch (Women) 21st"]
[Site "Iasi"]
[Date "2021.08.10"]
[Round "2"]
[White "Mamedjarova, Zeinab"]
[Black "Danielian, Elina"]
[Result "0-1"]
[WhiteElo "2272"]
[BlackElo "2407"]
[PlyCount "120"]
[EventDate "2021.08.09"]
[EventType "swiss"]
[EventRounds "11"]
[EventCountry "ROU"]
[SourceTitle "CBM 203 Extra"]
[Source "ChessBase"]
[SourceDate "2021.09.30"]
[SourceVersion "1"]
[SourceVersionDate "2021.09.30"]
[SourceQuality "1"]

1. d4 d6 2. Nf3 Bg4 3. e3 Nd7 4. Be2 c6 5. h3 Bh5 6. Nbd2 e5 7. 0-0 Be7 8. b3 Qc7 9. a4 Rd8 10. Bb2 Ngf6 11. a5 0-0 12. a6 b5 13. c4 e4 14. Nh4 Bxe2 15. Qxe2 g6 16. f3 d5 17. fxe4 Nxe4 18. Nxe4 dxe4 19. Qg4 Nf6 20. Qf4 Qxf4 21. Rxf4 bxc4 22. bxc4 Rb8 23. Ba3 Bxa3 24. Rxa3 Rb1+ 25. Kh2 Kg7 26. Ra2 Re8 27. g4 h6 28. Ng2 Re7 29. Kg3 Rc1 30. Ra4 Nd7 31. c5 Nf6 32. Rf2 Rb1 33. Raa2 Re8 34. Rfb2 Rb8 35. Rxb8 Rxb8 36. Nf4 Rb3 37. Kf2 g5 38. Ng2 Nd5 39. Ra1 Kf6 40. Ra2 Ke6 41. Ra1 Nc3 42. h4 Rb2+ 43. Kg3 Ra2 44. Rh1 Rxa6 45. hxg5 hxg5 46. Rh8 Nd5 47. Re8+ Kd7 48. Rg8 f6 49. Rg7+ Ke6 50. Rg8 Ra1 51. Rd8 Ke7 52. Rc8 Kd7 53. Rf8 a5 54. Rf7+ Ke6 55. Rf8 a4 56. Rd8 Ke7 57. Rd6 a3 58. Rxc6 a2 59. Ra6 Nb4 60. Ra7+ Ke6 0-1

[Event "AZE-ch (Women)"]
[Site "Nakhchivan"]
[Date "2021.05.31"]
[Round "11"]
[White "Mamedjarova, Zeinab"]
[Black "Mammadova, Gulnar Marfat Qizi"]
[Result "1/2-1/2"]
[WhiteElo "2274"]
[BlackElo "2382"]
[PlyCount "29"]
[EventDate "2021.05.21"]
[EventType "tourn"]
[EventRounds "11"]
[EventCountry "AZE"]
[SourceTitle "CBM 202 Extra"]
[Source "ChessBase"]
[SourceDate "2021.07.31"]
[SourceVersion "1"]
[SourceVersionDate "2021.07.31"]
[SourceQuality "1"]

1. d4 e6 2. Nf3 b6 3. e4 d5 4. Nbd2 dxe4 5. Nxe4 Bb7 6. Bd3 Be7 7. c3 Nf6 8. Nxf6+ Bxf6 9. Qe2 h6 10. Be4 Ba6 11. Bd3 Bb7 12. Be4 Ba6 13. Bd3 Bb7 14. Be4 Ba6 15. Bd3 1/2-1/2

[Event "AZE-ch (Women)"]
[Site "Nakhchivan"]
[Date "2021.05.24"]
[Round "4"]
[White "Mamedjarova, Zeinab"]
[Black "Hajiyeva, Laman"]
[Result "1-0"]
[WhiteElo "2274"]
[BlackElo "1982"]
[PlyCount "137"]
[EventDate "2021.05.21"]
[EventType "tourn"]
[EventRounds "11"]
[EventCountry "AZE"]
[SourceTitle "CBM 202 Extra"]
[Source "ChessBase"]
[SourceDate "2021.07.31"]
[SourceVersion "1"]
[SourceVersionDate "2021.07.31"]
[SourceQuality "1"]

1. d4 d5 2. e3 Nf6 3. Bd3 c5 4. Nf3 Nc6 5. h3 c4 6. Be2 Bf5 7. 0-0 e6 8. Nh4 Bd6 9. c3 0-0 10. Nd2 b5 11. Re1 a5 12. Nf1 Re8 13. f3 Bd3 14. Bxd3 cxd3 15. f4 b4 16. Qxd3 bxc3 17. bxc3 a4 18. Nf3 Na5 19. Ng3 Qc7 20. Bd2 Nc4 21. Ne5 Bxe5 22. fxe5 Ne4 23. Nxe4 dxe4 24. Qc2 Rec8 25. Bc1 Qc6 26. Rf1 Rab8 27. Rb1 h6 28. Rxb8 Rxb8 29. Kh2 a3 30. Qf2 Rb7 31. Qh4 Qd5 32. Rf4 Kf8 33. Qh5 Kg8 34. Qe2 Rb8 35. Qc2 Qb7 36. Qa4 Qb5 37. Qa7 Qb7 38. Qa4 Qb5 39. Qa7 Qb7 40. Qc5 Rc8 41. Qb4 Qxb4 42. cxb4 Rb8 43. Rf2 Rxb4 44. Rc2 f5 45. exf6 gxf6 46. Rc3 Ra4 47. Kg3 Kf7 48. Kf4 f5 49. g4 Kf6 50. gxf5 exf5 51. Rb3 Ra6 52. Rb5 Nd6 53. Rc5 Ke6 54. d5+ Kf6 55. Rc6 Rxc6 56. dxc6 Nb5 57. Bxa3 Ke6 58. Bf8 Nc3 59. Bxh6 Ne2+ 60. Kg5 Ng1 61. c7 Kd7 62. Kxf5 Nxh3 63. Bf4 Nf2 64. Be5 Kc8 65. a4 Nd3 66. a5 Nc5 67. Bd4 Na4 68. Kxe4 Kxc7 69. a6 1-0

[Event "AZE-UKR Blitz m"]
[Site "Chess.com INT"]
[Date "2020.07.23"]
[Round "5"]
[White "Gaponenko, Inna"]
[Black "Mamedjarova, Zeinab"]
[Result "1-0"]
[WhiteElo "2396"]
[BlackElo "2274"]
[PlyCount "109"]
[EventDate "2020.07.23"]
[EventType "team-schev (blitz)"]
[EventRounds "10"]
[EventCountry "AZE"]
[SourceTitle "CBM 197 Extra"]
[Source "ChessBase"]
[SourceDate "2020.09.30"]
[SourceVersion "1"]
[SourceVersionDate "2020.09.30"]
[SourceQuality "1"]
[WhiteTeam "Ukraine"]
[BlackTeam "Azerbaijan"]
[WhiteTeamCountry "UKR"]
[BlackTeamCountry "AZE"]

1. e4 e5 2. Nf3 d6 3. d4 Nd7 4. Nc3 Ngf6 5. Bc4 Be7 6. a4 a5 7. 0-0 0-0 8. Re1 c6 9. Ba2 exd4 10. Nxd4 Nc5 11. Bf4 Be6 12. Nxe6 fxe6 13. e5 Nd5 14. Nxd5 cxd5 15. Qd4 Kh8 16. Bg3 Ne4 17. exd6 Bf6 18. Be5 Rc8 19. f3 Nxd6 20. Bxf6 Qxf6 21. Qxf6 Rxf6 22. c3 Kg8 23. Re2 Kf8 24. Rae1 Kf7 25. Kf2 g6 26. g4 g5 27. Kg3 h6 28. h4 Nc4 29. hxg5 hxg5 30. Rh1 Kg7 31. Bb1 Rcf8 32. Rf2 Ne5 33. Rhf1 Rf4 34. Bc2 b6 35. Re1 Nxg4 36. Rff1 R8f6 37. Bd3 Nh6 38. Re5 Nf5+ 39. Bxf5 R4xf5 40. Rxf5 Rxf5 41. Re1 Kf6 42. Rh1 Rf4 43. b3 d4 44. cxd4 Rxd4 45. Rh6+ Kf5 46. Rh8 Rb4 47. Rf8+ Ke5 48. Rg8 Kf6 49. Rf8+ Ke5 50. Rg8 Rxb3 51. Rxg5+ Kf6 52. Rg8 Rb4 53. Rb8 Ke5 54. f4+ Kd6 55. Kf3 1-0

[Event "AZE-UKR Blitz m"]
[Site "Chess.com INT"]
[Date "2020.07.23"]
[Round "3"]
[White "Shpanko, Nadiia"]
[Black "Mamedjarova, Zeinab"]
[Result "0-1"]
[WhiteElo "2235"]
[BlackElo "2274"]
[PlyCount "56"]
[EventDate "2020.07.23"]
[EventType "team-schev (blitz)"]
[EventRounds "10"]
[EventCountry "AZE"]
[SourceTitle "CBM 197 Extra"]
[Source "ChessBase"]
[SourceDate "2020.09.30"]
[SourceVersion "1"]
[SourceVersionDate "2020.09.30"]
[SourceQuality "1"]
[WhiteTeam "Ukraine"]
[BlackTeam "Azerbaijan"]
[WhiteTeamCountry "UKR"]
[BlackTeamCountry "AZE"]

1. e4 e5 2. Nf3 d6 3. Nc3 Nd7 4. d4 Ngf6 5. Bc4 Be7 6. 0-0 0-0 7. h3 c6 8. Bb3 exd4 9. Nxd4 Nc5 10. Re1 Nxb3 11. axb3 Re8 12. Bf4 Bf8 13. Qd3 a5 14. Rad1 d5 15. exd5 Rxe1+ 16. Rxe1 Nxd5 17. Nf3 h6 18. Rd1 Be6 19. Nxd5 Qxd5 20. Qe2 Qh5 21. Bc7 Re8 22. Qd3 Bd5 23. g4 Qxh3 24. Bg3 Qxg4 25. Nd4 Be4 26. Qd2 c5 27. Nb5 Qf3 28. Kf1 Bc6 0-1

[Event "AZE-UKR Rapid m"]
[Site "Chess.com INT"]
[Date "2020.07.22"]
[Round "9.8"]
[White "Mamedjarova, Zeinab"]
[Black "Babiy, Olga"]
[Result "1-0"]
[WhiteElo "2274"]
[BlackElo "2228"]
[PlyCount "79"]
[EventDate "2020.07.21"]
[EventType "team-schev (rapid)"]
[EventRounds "10"]
[EventCountry "AZE"]
[SourceTitle "CBM 197 Extra"]
[Source "ChessBase"]
[SourceDate "2020.09.30"]
[SourceVersion "1"]
[SourceVersionDate "2020.09.30"]
[SourceQuality "1"]
[WhiteTeam "Azerbaijan"]
[BlackTeam "Ukraine"]
[WhiteTeamCountry "AZE"]
[BlackTeamCountry "UKR"]

1. d4 Nf6 2. Nf3 e6 3. e3 b6 4. Bd3 Bb7 5. 0-0 Be7 6. Qe2 c5 7. c3 d6 8. e4 Nbd7 9. Nbd2 cxd4 10. Nxd4 0-0 11. a4 a6 12. c4 Qc7 13. b3 Rfe8 14. Bb2 Rac8 15. Rac1 Qb8 16. Bb1 Bf8 17. Rfe1 g6 18. Rcd1 Bg7 19. Nf1 Nc5 20. Nd2 Nh5 21. Bc2 Qa8 22. Qe3 Qb8 23. Bc3 Nd7 24. a5 bxa5 25. Bxa5 d5 26. N4f3 Nhf6 27. h3 dxe4 28. Nxe4 Nxe4 29. Rxd7 Nc5 30. Rdd1 e5 31. b4 e4 32. Ng5 Ne6 33. Nxe4 Rxc4 34. Bd3 Rcc8 35. Bb1 Nf4 36. Qf3 Nh5 37. Qb3 Bxe4 38. Bxe4 Nf4 39. Rd7 Ne6 40. Bd5 1-0